Giáo trình đo lường điện (Dùng trong các trường THCN)

Những kiến thức cơ bản về kĩ thuật đo lường, cơ cấu chỉ thị, đo dòng điện và điện áp, đo công suất và điện năng, đo các thông số của mạch điện và hệ số công suất, đo các đại lượng không điện...

Full description

Saved in:
Bibliographic Details
Main Author: Đỗ, Hữu Thanh
Format: Book
Language:Undetermined
Published: Hà Nội Nhà xuất bản Hà Nội 2007
Subjects:
Tags: Add Tag
No Tags, Be the first to tag this record!
Institutions: Trung tâm Học liệu Trường Đại học Cần Thơ
LEADER 00976nam a2200217Ia 4500
001 CTU_142763
008 210402s9999 xx 000 0 und d
020 |c 14500 
082 |a 621.37028 
082 |b Th107 
100 |a Đỗ, Hữu Thanh 
245 0 |a Giáo trình đo lường điện 
245 0 |b (Dùng trong các trường THCN) 
245 0 |c Đỗ Hữu Thanh 
260 |a Hà Nội 
260 |b Nhà xuất bản Hà Nội 
260 |c 2007 
520 |a Những kiến thức cơ bản về kĩ thuật đo lường, cơ cấu chỉ thị, đo dòng điện và điện áp, đo công suất và điện năng, đo các thông số của mạch điện và hệ số công suất, đo các đại lượng không điện 
650 |a Electronic measurements,Đo lường điện 
904 |i Hạ Nguyên 
980 |a Trung tâm Học liệu Trường Đại học Cần Thơ